| 000 | 01168cam a2200409 4500 | ||
|---|---|---|---|
| 001 | 5202 | ||
| 003 | DO-SdBNP | ||
| 005 | 20230509125843.0 | ||
| 007 | 5202 | ||
| 008 | 090507s 2009 mx 000 0 | ||
| 015 | _a | ||
| 017 |
_a _b |
||
| 020 | _a9786071101297 | ||
| 035 | _a | ||
| 040 |
_aBPMSU _bspa _cBPMSU _e |
||
| 041 | 1 |
_aspa _h |
|
| 080 | _a | ||
| 080 | _a | ||
| 082 | 4 |
_a170 _bT552q 2008 _222 |
|
| 100 | 1 |
_aTiba, Içami, _d1941- |
|
| 245 | 1 | 0 |
_aQuien ama educa : _bla formación de ciudadanos éticos / _h _cIçami Tiba ; traducción de Blanca Luz Pulido. |
| 250 | _a | ||
| 260 |
_aMéxico : _bEditorial Aguilar, _c2009. |
||
| 300 |
_a331 p.; _c24 cm |
||
| 490 | 0 | _aFontanar | |
| 500 | _aLa versión actualizada del libro sobre educación más vendido en Brasil. | ||
| 504 | _a | ||
| 590 | _6Inventariado, 2023/VM | ||
| 650 | 4 | _a Educación moral | |
| 650 | 4 | _aConciencia (Moral) | |
| 650 | 4 | _aEducación de adolescentes | |
| 650 | 4 |
_aFamilia _xAspectos morales |
|
| 650 | 4 | _aAclaración de valores | |
| 700 | 1 |
_aPulido, Blanca Luz, _etraductor |
|
| 910 | _aVMateo V. Control de calidad (BPMSU) | ||
| 942 |
_2ddc _cBK |
||
| 999 |
_c11311 _d11311 |
||